Bilecik Bilecik Bilecik Bilecik Bilecik

Anne baba kumandası/ (Record no. 53440)

MARC details
000 -BAŞLIK
Sabit Uzunluktaki Kontrol Alanı 01109nam a22003617a 4500
001 - KONTROL NUMARASI
Control Dosyası 0053630
003 - KONTROL NUMARASI KİMLİĞİ
Kontrol Alanı KOHA_MİRAKIL
005 - EN SON İŞLEM TARİHİ ve ZAMANI
Kontrol Alanı 20260207003921.0
007 - FİZİKSEL TANIM SABİT ALAN - GENEL BİLGİ
Sabit uzunluklu kontrol alanı ta
008 - SABİT UZUNLUKTAKİ VERİ ÖGELERİ - GENEL BİLGİ
Sabit Alan 151112b2015 tu a|||gr||||#0|||1|tur |
020 ## - ISBN - ULUSLARARASI STANDART KİTAP NUMARASI
Isbn 9786056582400
040 ## - KATALOGLAMA KAYNAĞI
Özgün Kataloglama Kurumu TR-BiSEU
Kataloglama Dili tur
Çeviri Kurumu TR-BiSEU
Açıklama Kuralları rda
041 0# - DİL KODU
Metin ya da ses kaydının dil kodu tur
044 ## - YAYINLAYAN/ÜRETEN KURULUŞUN ÜLKE KODU
ISO country code tu
050 ## - SINIFLAMA ve YER NUMARASI
Sınıflama Numarası PL245.Y87
Yer Numarası S56 2015
100 1# - KİŞİ ADI
Yazar Adı (Kişi adı) Yurdakul, Özlem Kalaça .
245 1# - ESER ADI BİLDİRİMİ
Başlık Anne baba kumandası/
Sorumluluk Bildirimi Özlem Kalaça Yurdakul ; Özlem Kalaça Yurdakul ; illüstratör Ahmet Çoka.
264 #1 - ÜRERİM, YAYIN, DAĞITIM ve TELİF BİLDİRİMİ
Yayın yeri İstanbul :
Yayınlayan Ağaçkakan Yayınları
Yayın tarihi 2015
300 ## - FİZİKSEL TANIMLAMA
Sayfa, Cilt vb. 71 sayfa :
Diğer fiziki detaylar resimli ;
Boyutları 20 cm
336 ## - İÇERİK TÜRÜ
Content type term metin
Content type code txt
Source rdacontent
337 ## - MEDYA TÜRÜ
Media type term aracısız
Media type code n
Source rdamedia
338 ## - TAŞIYICI TÜRÜ
Carrier type term cilt
Carrier type code nc
Source rdacarrier
490 1# - DİZİ BİLDİRİMİ
Dizi Bildirimi Ağaçkakan yayınları.
490 1# - DİZİ BİLDİRİMİ
Dizi Bildirimi BBOM dizisi ;
Cilt Numarası 1
650 #0 - KONU BAŞLIĞI EK GİRİŞ - KONU TERİMİ
Konusal terim veya coğrafi ad Türk Edebiyatı.
9 (RLIN) 5924
650 #0 - KONU BAŞLIĞI EK GİRİŞ - KONU TERİMİ
Konusal terim veya coğrafi ad Turkish Literature.
9 (RLIN) 5933
650 #0 - KONU BAŞLIĞI EK GİRİŞ - KONU TERİMİ
Konusal terim veya coğrafi ad Türk öyküleri.
9 (RLIN) 38851
650 #0 - KONU BAŞLIĞI EK GİRİŞ - KONU TERİMİ
Konusal terim veya coğrafi ad Turkish history.
9 (RLIN) 67053
830 1# - SERİ EK GİRİŞİ - TEKBİÇİM ESER ADI
Tekbiçim Başlık Ağaçkakan yayınları.
9 (RLIN) 99993
830 1# - SERİ EK GİRİŞİ - TEKBİÇİM ESER ADI
Tekbiçim Başlık BBOM dizisi ;
Volume number/sequential designation 1
9 (RLIN) 99994
907 ## - LOCAL DATA ELEMENT G, LDG (RLIN)
a Hikaye
942 ## - EK GİRİŞ ÖGELERİ (KOHA)
Source of classification or shelving scheme Library of Congress Classification
Koha item type Book
Holdings
Materyal Türü Kalıcı Konum Mevcut Konum Raf Yeri Sınıflandırma Kaynağı Edinim Bilgisi Ana Konular Alt Konular Yer Numarası Demirbaş Numarası Fatura Tarihi Maliyet, Alış Fiyatı Maliyet, Yenileme Fiyatı Geri Çekilme Durumu Kayıp Durumu Hasarlı Durumu Kredi için değil Kayıt Tarih Toplam Ödünçverme Son Görülme Tarihi Son Kontrol Tarihi Satın Alma Notu
Book Prof. Dr. Azmi Özcan Kütüphanesi Prof. Dr. Azmi Özcan Kütüphanesi Birûni Salonu Library of Congress Classification Satın DİL VE EDEBİYAT Doğu Asya, Afrika, Okyanusya Dilleri ve Edebiyatları PL245.Y87 S56 2015 0053630 23/11/2015 14.81 14.81         12/11/2015 1 15/01/2026 15/01/2026 325002